[Event "Ventimiglia Weekend 8th"]
[Site "Ventimiglia"]
[Date "2012.12.02"]
[Round "4"]
[White "Galaverni, Marzia"]
[Black "Benvenuti, Cristian"]
[Result "0-1"]
[WhiteElo "1481"]
[BlackElo "1644"]
[PlyCount "90"]
[EventDate "2012.11.30"]
[EventType "swiss"]
[EventRounds "5"]
[EventCountry "ITA"]
[SourceTitle "EXT 2024"]
[Source "ChessBase"]
[SourceDate "2023.10.10"]
[SourceVersion "1"]
[SourceVersionDate "2023.10.10"]
[SourceQuality "1"]

1. b3 e5 2. Bb2 Nc6 3. e3 d5 4. Bb5 Bd6 5. Nf3 Qe7 6. c3 Bd7 7. Be2 Nf6 8. d3 0-0 9. 0-0 Rfe8 10. Nbd2 Qf8 11. Qc2 a5 12. a3 Nd8 13. Kh1 c5 14. Kg1 Nc6 15. Kh1 Rac8 16. Ng1 Qe7 17. Ngf3 Kh8 18. Ne1 Rg8 19. Nef3 g5 20. Ne1 Rg7 21. Rg1 g4 22. Nf1 Nh5 23. g3 Qf6 24. Rg2 Nd8 25. Rd1 Ne6 26. f3 Nd8 27. fxg4 Bxg4 28. Bxg4 Rxg4 29. Qe2 Qf5 30. Rf2 Qe6 31. Nf3 Nf6 32. Nh4 Nc6 33. Nf5 Rg6 34. Nxd6 Qxd6 35. Nd2 Rcg8 36. Rg1 Qe6 37. Qf1 Nd8 38. Nf3 Ng4 39. Re2 Nc6 40. Nh4 Rf6 41. Qg2 Ne7 42. Bc1 Nf5 43. Nxf5 Qxf5 44. Qxd5 Nf2+ 45. Kg2 Qh3# 0-1

[Event "Ventimiglia Weekend 8th"]
[Site "Ventimiglia"]
[Date "2012.11.30"]
[Round "1"]
[White "Rossi Cassani, Gianni"]
[Black "Galaverni, Marzia"]
[Result "1-0"]
[WhiteElo "1750"]
[BlackElo "1481"]
[PlyCount "37"]
[EventDate "2012.11.30"]
[EventType "swiss"]
[EventRounds "5"]
[EventCountry "ITA"]
[SourceTitle "EXT 2024"]
[Source "ChessBase"]
[SourceDate "2023.10.10"]
[SourceVersion "1"]
[SourceVersionDate "2023.10.10"]
[SourceQuality "1"]

1. e4 b6 2. d4 e6 3. Nc3 Nf6 4. e5 Ng8 5. Bd3 Bb7 6. Be4 Qc8 7. Bxb7 Qxb7 8. Qf3 c6 9. a3 Ne7 10. Nh3 h6 11. Be3 Nd5 12. Ne4 Qc7 13. c4 Nxe3 14. fxe3 Be7 15. 0-0 Na6 16. Qxf7+ Kd8 17. Qxg7 Re8 18. Rf7 d6 19. exd6 1-0